Смета на постройку начального городского училища на двести учеников

Доступно только в Электронных читальных залах Найти на картеНа карте
RUSMARC
00003713nmc2a22002413x 450
0018f97df1e-c78a-4fcc-9023-32cc8b675382
00520240215152939.0
100##$a20230214l19131913k l0rusy0189 ca
1010#$arus
102##$aRU
105##$ay###
1222#$ad
2001#$aСмета на постройку начального городского училища на двести учеников
$j1913 г.
215##$a26 л.
$d36,5х26 см
251##$cДело
300##$aГород Малоярославец, Калужская губерния
371##$aДокумент не является опубликованным и широко распространяемым
461#0$1001a74412a3-3cc5-4d21-8f0a-dfe2fbd9e72d
$12001
$aДепартамент народного просвещения Министерства народного просвещения (1803-1917)
$1251
$cФонд
$1852
$j733
462#0$1001eefd6294-0537-45df-8819-30374025727c
$12001
$aПроекты школьных зданий и сметы на их постройку (в связи с подготовкой введения всеобщего обучения)
$1251
$cОпись
$1852
$j233
801#0$aRU
$bРГИА
$c20230214
$gRCR
801#1$aRU
$bГлавНИВЦ
$c20230214
$2rusmarc
801#2$aRU
$bПБ им. Б.Н. Ельцина
$c20240215
$gRCR
$2rusmarc
850##$aРГИА
852##$aРГИА
$eФедеральное казенное учреждение "Российский государственный исторический архив" (РГИА)
$j168
937##$hРГИА
$d12397023
$aASBIBLIO_SCAN
035##$aRusGRCC00067226
856##$uhttp://readingroom.main.prlib.ru/item.aspx?id_node=n190994851&mode=full
Формат отображения